Нормален изглед
MARC изглед
- Кларк, Артър Чарлс
Вход 01. Лично име
001 - Контролен номер на записа
- Контролно поле: 243603
003 - Код на организацията, даваща контролен номер
- Контролно поле: BLK
005 - Дата и час на последна промяна на записа
- Контролно поле: 20240712113159.0
008 - Данни с фиксирана дължина – обща информация
- Данни с фиксирана дължина : 180420|| aca||aabn | a|a d
100 ## - ИМЕ НА ЛИЦЕ -ПЪРВИЧНА ИНТЕЛЕКТУАЛНА ОТГОВОРНОСТ
- Лично име: Кларк, Артър Чарлс
- Дати, свързани с автора: 1917 - 2008
372 ## - Сфера на дейност
- Сфера на дейност: Английски писател фантаст. Изследовател. Футурист.
400 ## - Допълнително описание по лично име
- Лично име: Кларк, Артър Чарлз
942 ## - Системна служебна употреба
- Koha auth type: PERSO_NAME